Liberty Bible commentary- Old Testament / (Record no. 3680)
[ view plain ]
| 000 -LEADER | |
|---|---|
| fixed length control field | 01211pam a2200337 a 4500 |
| 001 - CONTROL NUMBER | |
| control field | 3768085 |
| 003 - CONTROL NUMBER IDENTIFIER | |
| control field | OSt |
| 005 - DATE AND TIME OF LATEST TRANSACTION | |
| control field | 20181116163124.0 |
| 008 - FIXED-LENGTH DATA ELEMENTS--GENERAL INFORMATION | |
| fixed length control field | 830406r19831982tnua b 000 0 eng |
| 010 ## - LIBRARY OF CONGRESS CONTROL NUMBER | |
| LC control number | 83007280 |
| 020 ## - INTERNATIONAL STANDARD BOOK NUMBER | |
| International Standard Book Number | 0840752954 |
| 020 ## - INTERNATIONAL STANDARD BOOK NUMBER | |
| International Standard Book Number | 0840752938 (Royal ed.) |
| 040 ## - CATALOGING SOURCE | |
| Original cataloging agency | DLC |
| Transcribing agency | DLC |
| Modifying agency | DLC |
| 050 00 - LIBRARY OF CONGRESS CALL NUMBER | |
| Classification number | BS491.2 |
| Item number | .L53 1983 |
| 082 00 - DEWEY DECIMAL CLASSIFICATION NUMBER | |
| Classification number | 220.7 |
| Edition number | 19 |
| Item number | F197L |
| 245 00 - TITLE STATEMENT | |
| Title | Liberty Bible commentary- Old Testament / |
| Statement of responsibility, etc. | Jerry Falwell, executive editor ; Edward E. Hindson, Woodrow Michael Kroll, general editors. |
| 250 ## - EDITION STATEMENT | |
| Remainder of edition statement | the Old-Time Gospel Hour Edition |
| 260 ## - PUBLICATION, DISTRIBUTION, ETC. | |
| Place of publication, distribution, etc. | Virginia : |
| Name of publisher, distributor, etc. | T. Nelson, |
| Date of publication, distribution, etc. | c1982. |
| 300 ## - PHYSICAL DESCRIPTION | |
| Extent | 1864 p. : |
| Other physical details | ill. ; |
| Dimensions | 25 cm. |
| 500 ## - GENERAL NOTE | |
| General note | Produced with the assistance of the faculty of Liberty Baptist College. |
| 500 ## - GENERAL NOTE | |
| General note | Reprint. Originally published in 2 v.: Lynchburg, Va. : Old-Time Gospel Hour, c1982. |
| 504 ## - BIBLIOGRAPHY, ETC. NOTE | |
| Bibliography, etc. note | Includes bibliographies. |
| 630 00 - SUBJECT ADDED ENTRY--UNIFORM TITLE | |
| Uniform title | Bible |
| General subdivision | Commentaries. |
| 700 1# - ADDED ENTRY--PERSONAL NAME | |
| Personal name | Falwell, Jerry. |
| 700 1# - ADDED ENTRY--PERSONAL NAME | |
| Personal name | Hindson, Edward E. |
| 700 1# - ADDED ENTRY--PERSONAL NAME | |
| Personal name | Kroll, Woodrow Michael, |
| Dates associated with a name | 1944- |
| 710 2# - ADDED ENTRY--CORPORATE NAME | |
| Corporate name or jurisdiction name as entry element | Liberty Baptist College. |
| 730 0# - ADDED ENTRY--UNIFORM TITLE | |
| Uniform title | Bible. |
| Language of a work | English. |
| Version | Authorized. |
| Date of a work | 1983. |
| 906 ## - LOCAL DATA ELEMENT F, LDF (RLIN) | |
| a | 7 |
| b | cbc |
| c | orignew |
| d | 1 |
| e | ocip |
| f | 19 |
| g | y-gencatlg |
| 942 ## - ADDED ENTRY ELEMENTS (KOHA) | |
| Source of classification or shelving scheme | Dewey Decimal Classification |
| Koha item type | Reference |
No items available.
